00270nam a2200097Ia 4500008004100000100001600041245005400057260003500111260000900146999001700155170620s9999 xx 000 0 und d aRuhela- S.P 0aIndia`s National Education Policy and Development bNew Delhi- Neelkamal Pvt. Ltd. c2010 c25292d25292